Statistiques concernant Culture Générale - Série 823

Cliquez ici pour prendre le quiz!

Statistiques générales

  • Ce quiz a été pris 150 fois
  • Le résultat moyen est 6 sur 10

Statistiques - réponses

QuestionRéponse% Correct
Je peux être de tournesol, de vidange, d'amande douce ou de coude. Que suis-je ?huile
99%
Quelle couleur était associée à l'usage coquin du Minitel ?rose
99%
Tiré du nom de la déesse grecque de l'Amour, quel adjectif qualifie une substance supposée exciter le désir sexuel ?aphrodisiaque
81%
Quel combustible minéral fossile est l'homonyme d'une interjection exprimant la douleur ?houille
67%
Dans le film "Scout toujours", quel acteur incarne le chef scout Jean-Baptiste Foucret ?Gérard Jugnot
62%
En 1994, des top-modèles dont Naomi Campbell et Claudia Schiffer, ont posé nues pour des campagnes intitulées "Plutôt à poil qu'en...fourrure
56%
L'insecte appelé "cafard", est également connu sous le nom de : "cancrelat" ou sous celui de...blatte
51%
Sur la couverture de quel album de Tintin peut-on le voir marcher devant une rangée de sarcophages ?Les Cigares du Pharaon
42%
Quelle spécialiste des gorilles a été incarnée par Sigourney Weaver dans : "Gorilles dans la brume" ?Dian Fossey
26%
Quel est le nom de l'artiste qui se cache derrière le pseudonyme "Joseph Lubsky", auteur en 2007 du roman "La Cellule de Zarkane" ?Patrick Sébastien
12%

Distribution des résultats

Percentile par nombre de réponses

% des personnes avec chaque résultat

Votre développement - résultats

Vous n’avez pas pris ce quiz